[Event "AUTO-INT-2576"]
[Site "http://www.queenalice.com/game.php?id=1234685"]
[Date "2013.11.23"]
[Round "2"]
[White "Tutankamon1"]
[Black "clark7a2"]
[Result "1-0"]
[WhiteElo "1876"]
[BlackElo "1579"]

1. e4 e5 2. Nf3 d6 3. d4 exd4 4. Nxd4 Nc6 5. Nxc6 bxc6 6. Qf3 Qf6 7. Qc3 Qxc3+
8. Nxc3 h6 9. Be2 Nf6 10. O-O Be7 11. Bf4 O-O 12. Bf3 Nh7 13. e5 dxe5 14. Bxe5
Bd6 15. Bd4 Bd7 16. Rfe1 Bb4 17. Re7 Bxc3 18. Bxc3 Be6 19. Rxc7 Rfc8 20. Rxc6
Rxc6 21. Bxc6 1-0

[Event "AUTO-INT-2576"]
[Site "http://www.queenalice.com/game.php?id=1234686"]
[Date "2013.11.23"]
[Round "2"]
[White "clark7a2"]
[Black "Tutankamon1"]
[Result "0-1"]
[WhiteElo "1575"]
[BlackElo "1880"]

1. d4 d5 2. e3 Nf6 3. h3 Nc6 4. Nf3 e6 5. c3 Be7 6. Be2 O-O 7. O-O Bd7 8. b3 a6
9. Ba3 Ne4 10. Bxe7 Qxe7 11. Bd3 Ng5 12. Nxg5 Qxg5 13. Kh1 e5 14. Be2 e4 15. Bg4
Bxg4 16. Qxg4 Qxg4 17. hxg4 f5 18. gxf5 Rxf5 19. g3 Raf8 20. Nd2 Rxf2 21. Rxf2
Rxf2 22. Rd1 Re2 0-1

[Event "AUTO-INT-2576"]
[Site "http://www.queenalice.com/game.php?id=1234689"]
[Date "2013.11.23"]
[Round "2"]
[White "Marcos_Dal_Ri"]
[Black "clark7a2"]
[Result "1-0"]
[WhiteElo "1633"]
[BlackElo "1571"]

1. d4 d5 2. Bf4 e6 3. e3 h6 4. Nf3 Bd6 5. Bd3 Bxf4 6. exf4 Nf6 7. O-O O-O 8. Nc3
c6 9. a3 b6 10. b4 Ba6 11. Bxa6 Nxa6 12. Qe2 Nc7 13. h3 b5 14. Ne5 Qe8 15. Nd1
Nd7 16. Nxc6 Nb8 17. Ne5 Nd7 18. c3 Nxe5 19. fxe5 1-0

[Event "AUTO-INT-2576"]
[Site "http://www.queenalice.com/game.php?id=1234690"]
[Date "2013.11.23"]
[Round "2"]
[White "clark7a2"]
[Black "Marcos_Dal_Ri"]
[Result "0-1"]
[WhiteElo "1557"]
[BlackElo "1647"]

1. e4 e5 2. d3 Nf6 3. Nf3 Nc6 4. c3 Bc5 5. Be2 O-O 6. O-O d6 7. h3 h6 8. Nh2 b5
9. b4 Bb6 10. Be3 Bxe3 11. fxe3 a6 12. Bg4 Bb7 13. Be2 Ne7 14. a3 c6 15. Ng4
Nxg4 16. Bxg4 d5 17. exd5 Nxd5 18. Qe2 Nf6 19. e4 Qb6+ 20. Qf2 Qd8 0-1

[Event "AUTO-INT-2786"]
[Site "http://www.queenalice.com/game.php?id=1244169"]
[Date "2013.12.31"]
[Round "1"]
[White "NeeneNY"]
[Black "clark7a2"]
[Result "1-0"]
[WhiteElo "1338"]
[BlackElo "1529"]

1. e4 e5 2. Nf3 d6 3. Bc4 h6 4. Nc3 c6 5. d4 exd4 6. Nxd4 Nf6 7. O-O Be7 8. Nf5
O-O 9. a4 Bxf5 10. exf5 d5 11. Bb3 Bd6 12. Re1 Re8 13. Be3 Bb4 14. Qd4 Bxc3 15.
Qxc3 1-0

[Event "AUTO-INT-2786"]
[Site "http://www.queenalice.com/game.php?id=1244170"]
[Date "2013.12.31"]
[Round "1"]
[White "clark7a2"]
[Black "NeeneNY"]
[Result "0-1"]
[WhiteElo "1505"]
[BlackElo "1362"]

1. c4 e5 2. d3 Bc5 3. e4 Nf6 4. h3 O-O 5. Nf3 d6 6. Be2 Nc6 7. O-O a6 8. b3 b5
9. Be3 Bxe3 10. fxe3 Nh5 11. Nh2 Ng3 12. Rf3 Qg5 13. Qe1 Nxe2+ 0-1

[Event "AUTO-INT-2786"]
[Site "http://www.queenalice.com/game.php?id=1244181"]
[Date "2013.12.31"]
[Round "1"]
[White "Guigafmoraes"]
[Black "clark7a2"]
[Result "1-0"]
[WhiteElo "1639"]
[BlackElo "1396"]

1. e4 e5 2. f4 exf4 3. Nf3 d6 4. Bc4 h6 5. c3 Nf6 6. d3 Be7 7. Bxf4 O-O 8. Qd2
Nh7 9. O-O Bg5 10. Bxg5 Nxg5 11. Nxg5 Qxg5 12. Qxg5 hxg5 13. Nd2 Be6 14. Bxe6
fxe6 15. Rxf8+ Kxf8 16. Rf1+ Ke7 17. Nf3 g4 18. Ng5 Nc6 19. Rf7+ Ke8 20. Rxc7
Nd8 21. Rxg7 Rc8 22. Nh7 Nf7 23. Rg8+ Kd7 24. Nf6+ Kc7 25. Rg7 Rf8 26. Nh7 Rh8
27. Rxf7+ Kc6 28. d4 d5 29. e5 1-0

[Event "AUTO-INT-2786"]
[Site "http://www.queenalice.com/game.php?id=1244182"]
[Date "2013.12.31"]
[Round "1"]
[White "clark7a2"]
[Black "Guigafmoraes"]
[Result "0-1"]
[WhiteElo "1390"]
[BlackElo "1645"]

1. e4 c5 2. d3 e6 3. Nf3 Nc6 4. c3 d6 5. Be2 Nf6 6. O-O Be7 7. h3 O-O 8. Nh2 e5
9. Bg4 Nxg4 10. Nxg4 f5 11. exf5 Bxf5 12. Nh2 Qd7 13. g4 Be6 14. Be3 Rf7 15. Nd2
Raf8 16. c4 Nd4 17. Bxd4 cxd4 18. f3 Bg5 19. Rf2 Be3 20. Kg2 Bxf2 21. Kxf2 d5
22. cxd5 Bxd5 23. Qe2 Qd6 24. Rf1 Qf6 25. Kg2 Qf4 26. Rf2 Qe3 27. Ne4 Bxe4 28.
dxe4 Rc7 0-1

[Event "AUTO-INT-2786"]
[Site "http://www.queenalice.com/game.php?id=1244187"]
[Date "2013.12.31"]
[Round "1"]
[White "pride"]
[Black "clark7a2"]
[Result "1-0"]
[WhiteElo "1550"]
[BlackElo "1483"]

1. e4 e5 2. Qf3 d6 3. Bc4 Qf6 4. Qd3 Qd8 5. Qf3 Qf6 6. Qxf6 Nxf6 7. d3 h6 8. Nc3
c6 9. Na4 b5 10. Bb3 bxa4 11. Bxa4 Bd7 12. Ne2 c5 13. Bb3 Be7 14. O-O O-O 15. a4
Be6 16. c4 Nc6 17. a5 a6 18. Nc3 Nd4 19. Bd1 Nh7 20. Ba4 Rfd8 21. Nd1 Ne2+ 22.
Kh1 Nxc1 23. Rxc1 Bd7 24. Bc2 1-0

[Event "AUTO-INT-2786"]
[Site "http://www.queenalice.com/game.php?id=1244188"]
[Date "2013.12.31"]
[Round "1"]
[White "clark7a2"]
[Black "pride"]
[Result "0-1"]
[WhiteElo "1470"]
[BlackElo "1563"]

1. Nf3 e6 2. e4 h5 3. Be2 d6 4. h3 Nf6 5. O-O Nxe4 6. Nh2 Nc6 7. Bf3 d5 8. Bxe4
dxe4 9. d3 Bd6 10. dxe4 Qf6 11. c3 Qe5 12. f4 Qc5+ 13. Kh1 e5 14. f5 Bd7 15. Qd5
Qb6 16. f6 Be6 17. fxg7 Rg8 18. Qd1 O-O-O 19. Qxh5 Rxg7 20. Qf3 Ne7 21. b4 Ng6
22. Be3 Nh4 23. Bxb6 Nxf3 24. Nxf3 axb6 0-1

[Event "Challenge"]
[Site "http://www.queenalice.com/game.php?id=1290354"]
[Date "2014.6.25"]
[Round "-"]
[White "clark7a2"]
[Black "Huevo"]
[Result "0-1"]
[WhiteElo "1451"]
[BlackElo "1978"]

1. d4 Nf6 2. e3 d5 3. h3 Bf5 4. Nf3 e6 5. Be2 c5 6. O-O c4 7. c3 Nc6 8. Nh2 Be7
9. Bg4 Nxg4 10. Nxg4 O-O 11. Nh2 b5 12. g4 Bd3 13. Nf3 Bxf1 14. Qxf1 a5 15. Bd2
b4 16. cxb4 axb4 17. a3 Qb6 18. a4 Ra6 19. Ne5 Nxe5 20. dxe5 Rfa8 21. Qd1 Qc6
22. Qe1 Rxa4 23. Rxa4 Rxa4 24. Bc1 Qa6 25. b3 Ra1 26. Bb2 Ra2 27. Bd4 c3 28.
Bxc3 bxc3 29. Qxc3 Ra1 30. Qb2 Ra2 31. Qc1 Qe2 32. Qf1 Qxf1+ 33. Kxf1 Ra1 34.
Ke2 Rxb1 0-1

[Event "AUTO-INT-3008"]
[Site "http://www.queenalice.com/game.php?id=1364284"]
[Date "2015.6.8"]
[Round "1"]
[White "acvdsantiago"]
[Black "clark7a2"]
[Result "1-0"]
[WhiteElo "1901"]
[BlackElo "1423"]

1. e4 e5 2. Nc3 d6 3. d4 Be7 4. Qf3 Nf6 5. Bb5+ c6 6. dxe5 dxe5 7. Be2 O-O 8.
Qg3 g6 9. Qxe5 Qd6 10. Qxd6 Bxd6 11. Bh6 Re8 12. f3 Bf8 13. Bxf8 Kxf8 14. Rd1
Be6 15. f4 1-0

[Event "AUTO-INT-3008"]
[Site "http://www.queenalice.com/game.php?id=1364285"]
[Date "2015.6.8"]
[Round "1"]
[White "clark7a2"]
[Black "acvdsantiago"]
[Result "0-1"]
[WhiteElo "1421"]
[BlackElo "1903"]

1. e4 e5 2. Nf3 f5 3. exf5 e4 4. Ng1 d5 5. g3 Bxf5 6. Bh3 Bxh3 7. Nxh3 Nf6 8.
Nf4 Kd7 9. O-O Kc8 10. Ng2 Na6 11. c3 d4 12. cxd4 Qxd4 13. Qe2 Nb4 14. Na3 Bc5
15. Ne3 a5 0-1

[Event "AUTO-INT-3008"]
[Site "http://www.queenalice.com/game.php?id=1364298"]
[Date "2015.6.8"]
[Round "1"]
[White "clark7a2"]
[Black "glaubergouveia"]
[Result "0-1"]
[WhiteElo "1408"]
[BlackElo "1512"]

1. d4 d5 2. e3 Bf5 3. Bd3 Qd7 4. Bxf5 Qxf5 5. Nf3 Nf6 6. O-O g5 7. h3 g4 8. hxg4
Nxg4 9. Nh2 Nxh2 10. Kxh2 e5 11. Qf3 Qxc2 12. dxe5 c6 13. Nc3 Nd7 14. Kg1 Bb4
15. Qd1 Qf5 16. f4 Bxc3 17. bxc3 Rg8 18. Rf2 O-O-O 19. Kf1 Qg6 20. Ke2 Qg4+ 0-1

[Event "AUTO-INT-3008"]
[Site "http://www.queenalice.com/game.php?id=1364299"]
[Date "2015.6.8"]
[Round "1"]
[White "glaubergouveia"]
[Black "clark7a2"]
[Result "1-0"]
[WhiteElo "1533"]
[BlackElo "1419"]

1. e4 e5 2. Nf3 d6 3. Bc4 h6 4. g3 Nf6 5. h3 Be6 6. Qe2 Bxc4 7. Qxc4 Be7 8. h4
d5 9. exd5 Bd6 10. d4 exd4 11. Nxd4 O-O 12. O-O 1-0

[Event "AUTO-INT-3008"]
[Site "http://www.queenalice.com/game.php?id=1364300"]
[Date "2015.6.8"]
[Round "1"]
[White "clark7a2"]
[Black "Zodiac"]
[Result "0-1"]
[WhiteElo "1377"]
[BlackElo "1621"]

1. e4 e5 2. d3 Nc6 3. Nf3 h6 4. h3 Nge7 5. Be2 d6 6. O-O f5 7. exf5 Bxf5 8. Nh2
Nd4 9. Nf3 Nec6 10. Nxd4 Nxd4 11. c3 Nxe2+ 12. Qxe2 Be7 13. g4 Be6 14. f3 Bh4
0-1

[Event "AUTO-INT-3008"]
[Site "http://www.queenalice.com/game.php?id=1364301"]
[Date "2015.6.8"]
[Round "1"]
[White "Zodiac"]
[Black "clark7a2"]
[Result "1-0"]
[WhiteElo "1614"]
[BlackElo "1384"]

1. e4 e5 2. Nf3 d6 3. d4 Be7 4. dxe5 dxe5 5. Qxd8+ Bxd8 6. Nxe5 Nf6 7. Bc4 O-O
8. Nc3 c6 9. Be3 Be6 10. Bxe6 fxe6 11. O-O-O Bb6 12. Rhe1 Bxe3+ 13. Rxe3 Na6 14.
Nd7 Nxd7 15. Rxd7 1-0